Equidad, transformación social y democracia en América Latina. Versión preliminar para comentarios

Guardat en:
Dades bibliogràfiques
Autor principal: Faletto, Enzo
Format: Text
Publicat: s.l.: s.e.
Etiquetes: Afegir etiqueta
Sense etiquetes, Sigues el primer a etiquetar aquest registre!

MARC

LEADER 00000 a a2200000 04500
001 25133
003
040
090 |a 182200  
100 |a Faletto, Enzo  
245 |a Equidad, transformación social y democracia en América Latina. Versión preliminar para comentarios  
260 |a s.l.:   |b s.e.  
300 |a 28 p.  
999 |c 17115  |d 17115